Innovation: (Record no. 190582)
[ view plain ]
| 000 -LEADER | |
|---|---|
| fixed length control field | 00567nam a22001817a 4500 |
| 005 - DATE AND TIME OF LATEST TRANSACTION | |
| control field | 20220728115658.0 |
| 010 ## - LCCN (DPL NO) | |
| LC control number | ENG-134075 |
| 020 ## - INTERNATIONAL STANDARD BOOK NUMBER | |
| Terms of availability | 299.00 |
| International Standard Book Number | 9789382711322 |
| 035 ## - SYSTEM CONTROL NUMBER | |
| System control number | EN-117607 |
| 037 ## - SOURCE OF ACQUISITION | |
| Source of stock number/acquisition | DBAD/PUB |
| 082 ## - DEWEY DECIMAL CLASSIFICATION NUMBER | |
| Classification number | 658.4063 |
| 100 ## - MAIN ENTRY--PERSONAL NAME | |
| Personal name | Narang, Sanjiv |
| 245 ## - TITLE STATEMENT | |
| Title | Innovation: |
| Remainder of title | Why, What and How/ |
| Statement of responsibility, etc | Sanjiv Narang |
| 260 ## - PUBLICATION, DISTRIBUTION, ETC. (IMPRINT) | |
| Place of publication, distribution, etc | New Delhi |
| Name of publisher, distributor, etc | Vitasta Publishing Pvt Ltd |
| Date of publication, distribution, etc | 2016 |
| 270 ## - ADDRESS | |
| City | New Delhi |
| Address | 2/15, Ansari Road, Daryaganj |
| Postal code | 110002 |
| Electronic mail address | info@vitastapublishing.com |
| 300 ## - PHYSICAL DESCRIPTION | |
| Extent | 152p. |
| Dimensions | 19cm (pkb) |
| 942 ## - ADDED ENTRY ELEMENTS (KOHA) | |
| Source of classification or shelving scheme | Dewey Decimal Classification |
| Item type | English Books |
| Classification part | 658.4063 |
| Call number suffix | NAR |
| Withdrawn status | Lost status | Not for loan | Collection code | Home library | Current library | Date acquired | Source of acquisition | Cost, normal purchase price | Full call number | Barcode | Copy number | Cost, replacement price | Koha item type |
|---|---|---|---|---|---|---|---|---|---|---|---|---|---|
| Non-fiction | Bawana | Bawana | 28/07/2022 | DBAD/PUB | 299.00 | 658.4063 NAR | EN-117607 | 1 | 299.00 | English Books |
